|
|
|
|
| LEADER |
00779nam a22002412a 4500 |
| 001 |
000904030 |
| 003 |
CZ BrMZK |
| 005 |
20080708203243.0 |
| 007 |
ta |
| 008 |
080708s1977 xo er|||||||||||hun d |
| 040 |
|
|
|a ABA001
|b cze
|c ABA001
|d ABA001
|
| 041 |
1 |
|
|a hun
|h fre
|
| 100 |
1 |
|
|a Éluard, Paul,
|d 1895-1952
|7 jn19981000975
|4 aut
|
| 245 |
1 |
0 |
|a Paul Éluard Versei /
|c Fordította Illyés Gyula, Rónay György, Somlyó György
|
| 260 |
|
|
|a Budapest :
|b Európa Könyvkiadó,
|c 1977
|
| 300 |
|
|
|a 216 s. ;
|c 8°
|
| 490 |
1 |
|
|a Lyra Mundi
|
| 500 |
|
|
|a Spoluvyd. Madách Könyvkiadó, Bratislava
|
| 830 |
|
0 |
|a Lyra Mundi
|
| 910 |
|
|
|a BOA001
|b 1-0776.471
|
| 990 |
|
|
|a BK
|
| 991 |
|
|
|b 200806
|
| 996 |
7 |
|
|b 2619542717
|c 1-0776.471
|l MZK
|r Sklad / do 1 hodiny
|n 0
|w 000904030
|u 000010
|a 1
|e BOA001
|j MZK50
|s A
|